| 000 | 00438nam a2200145Ia 4500 | ||
|---|---|---|---|
| 008 | 230917s9999||||xx |||||||||||||| ||und|| | ||
| 040 |
_e169793 _aMAIN |
||
| 041 | _aEnglish | ||
| 082 | _a891.432741 VK659T | ||
| 100 | _aविभू कुमार | ||
| 245 | 0 | _aतालों में बन्द प्रजातन्त्र | |
| 260 |
_aदिल्ली _bनेशनल _c1981 |
||
| 300 | _a96 पृ. p. | ||
| 942 | _cHN | ||
| 999 |
_c216493 _d216493 |
||